|
|
|
|
| LEADER |
00000nam0a2200000 4500 |
| 001 |
157774 |
| 005 |
20231031154011.0 |
| 010 |
|
|
|a 5288005982
|
| 035 |
|
|
|a (RuTPU)RU\TPU\book\171132
|
| 090 |
|
|
|a 157774
|
| 100 |
|
|
|a 20090414d1992 m y0rusy50 ca
|
| 101 |
2 |
|
|a rus
|c fre
|c eng
|c ita
|c ger
|c swe
|c nor
|
| 102 |
|
|
|a RU
|
| 105 |
|
|
|a a z 001ay
|
| 200 |
1 |
|
|a Искусство и художник в зарубежной новелле XX века
|e переводы
|f сост. И. С. Ковалева ; авт. предисл. В. Е. Балахонов
|
| 210 |
|
|
|a СПб.
|c Изд-во СПбГУ
|d 1992
|
| 215 |
|
|
|a 688 с.
|c ил.
|
| 320 |
|
|
|a Библиогр.в примеч. : с.614-684
|
| 610 |
1 |
|
|a зарубежная литература
|
| 610 |
1 |
|
|a сборники
|
| 610 |
1 |
|
|a искусство
|
| 610 |
1 |
|
|a художники
|
| 610 |
1 |
|
|a рассказы
|
| 675 |
|
|
|a 89
|v 3
|
| 702 |
|
1 |
|a Ковалева
|b И. С.
|4 220
|
| 702 |
|
1 |
|a Балахонов
|b В. Е.
|4 080
|
| 801 |
|
1 |
|a RU
|b 63413507
|c 20090414
|g PSBO
|
| 942 |
|
|
|c BK
|